000 00431nam a2200169Ia 4500
008 231217s9999 xx 000 0 und d
041 _aEnglish
082 _a621.367 PRA;3
100 _aPratt, William K
245 0 _aDigital image processing(Piks inside)
250 _a3rd ed.
260 _c2001
_bJohn Wiley
_aNew York
300 _axix+735
300 _cCD1353
650 _aFoundation,robotics,:,control
942 _cAA
999 _c172161
_d172161